| 000 | 01199cam a22003374a 4500 | ||
|---|---|---|---|
| 001 | 12727751 | ||
| 003 | OSt | ||
| 005 | 20230902122438.0 | ||
| 008 | 020402s2002 enka b 001 0 eng | ||
| 010 | _a 2002021392 | ||
| 020 | _a9781843760900 | ||
| 020 | _a1840640901 | ||
| 040 |
_aDLC _cDLC _dDLC |
||
| 042 | _apcc | ||
| 050 | 0 | 0 |
_aHB172.5 _b.M548 2002 |
| 082 | 0 | 0 |
_a339 _bMIN/A |
| 100 | 1 |
_aMinford, Patrick _99395 |
|
| 245 | 1 | 0 |
_aAdvanced macroeconomics : _ba primer / _cPatrick Minford and David Peel. |
| 260 |
_aCheltenham, UK ; _aNorthampton, MA, USA : _bE. Elgar, _cc2002. |
||
| 300 |
_axii, 548 p. : _bill. ; _c24 cm. |
||
| 504 | _aIncludes bibliographical references (p. 491-526) and index. | ||
| 650 | 0 | _aMacroeconomics. | |
| 650 | 0 |
_aMacroeconomics _xMathematical models. |
|
| 650 | 0 | _aEconomics, Mathematical. | |
| 650 | 0 | _aRational expectations (Economic theory) | |
| 650 | 0 | _aEconomic policy. | |
| 700 | 1 | _aPeel, D. | |
| 906 |
_a7 _bcbc _corignew _d1 _eocip _f20 _gy-gencatlg |
||
| 942 |
_2ddc _cBK _h339 _iMIN/A _k339 _mMIN/A |
||
| 999 |
_c42062 _d42062 |
||